00728cam a22002051 450000100100000000500170001000800410002704000250006808200160009310000310010924500650014026000540020530000170025949000250027650000320030165100330033383000310036695201080039799900170050500001900120200929165911.0771205s1965 ec 000 0 spa  aDO-SdBNPbspadBNPHU axxxxbV297h1 aVargas, Jose Maria.93646010aHistoria de la cultura ecuatoriana /cJosé María Vargas. aQuito :bPublicaciones Educativas "Ariel",c1965. av. ;c22 cm.1 aClásicos Arielv87 aLa biblioteca posee el v. 3 0aEcuadorxCivilization940880 0aClásicos Arielv8793125 001050718MOaGRbGRcCTd2010-05-21iLF1l0ov. 3p19001-10r2020-06-25w2020-06-25y1ZNo se presta c18519d18519